<The> Oriental economist

Salvato in:
Dettagli Bibliografici
Natura: Periodico
Lingua:inglese
Pubblicazione: Tokyo <The> Oriental Economist
Tags: Aggiungi Tag
Nessun Tag, puoi essere il primo ad aggiungerne!!

MARC

LEADER 00000nas1a22000001 4500
001 s123376
005 20250730114818.6
022 |a 0030-5294 
041 0 |a eng 
044 |a JP 
245 1 0 |a <The> Oriental economist 
264 1 |a Tokyo  |b <The> Oriental Economist 
500 |a ISSN prevzaté zo SKK-P UKB